000 004100000a22001210004500
090 _aAR
_b04185
245 1 0 _aInvasion of Mexico by two dung beetles previously introduced into the United States
500 _a<Literatura de escarabajos coprófagos>
700 1 _aHalffter, Gonzalo
_910302
100 1 _aMontes de Oca, Enrique
_998088
942 _cARTICULO
773 1 _tStud Neotrop Fauna & Environm
_q1-7
_d1997
_g32
999 _c13282
_d13282